00322nam a22000977a 4500008004100000082001700041245011200058260003500170300001100205440000800216230612b xxu||||| |||| 00| 0 eng d a354.676bGOK a2016/2017 Estimates of Recurrent Expenditure of the Government of Kenya for the Year Ending 30th June, 2017 aNairobi,KenyabGOKcApril,2016 aV,982p vIII